Normal view
MARC view
Entry Personal Name
001 - CONTROL NUMBER
- control field: 27245
003 - CONTROL NUMBER IDENTIFIER
- control field: ARRUPE
005 - DATE AND TIME OF LATEST TRANSACTION
- control field: 20161103110209.0
008 - FIXED-LENGTH DATA ELEMENTS
- fixed length control field: 161103|| aca||aabn | a|a d
040 ## - CATALOGING SOURCE
- Original cataloging agency: ARRUPE
- Transcribing agency: ARRUPE
100 ## - HEADING--PERSONAL NAME
- Personal name: Castle, Tony.
670 ## - SOURCE DATA FOUND
- Source citation: Work cat.: (ARRUPE)0: The Hodder book of Christian prayers /, 1986.